000 01684cam a22002655a 4500
001 L142682
008 080228s2007 xxk f 000 0 eng d
020 _a9781905018611
035 _a(Sirsi) u142682
041 0 _aeng
050 0 4 _a306.76 $2 18
100 1 _aPerry, John
245 0 0 _aCommunity cohesion and housing
_ba good practice guide
260 _aCoventry
_bCIH
_c2007
300 _a176p.
_c23cm.
350 _a28
505 2 _aIntroduction -- The big picture: community cohesion and housing organisations -- The changing face of neighbourhoods -- Creating strong and positive relationships with neighbourhoods -- Creating more mixed neighbourhoods -- Investing for cohesive neighbourhoods -- Community cohesion and housing strategies -- Roles, responsibilities and partnerships -- Appendix 1 -- Appendix 2 -- Sources of information
520 _aAims to help housing associations, housing professionals and the residents they work with to build more cohesive communities. Reflects the recommendations of the Independent Commission on Integration and Cohesion, which reported in June 2007. Gives advice to housing professionals. Outlines the principles which should be followed in both existing communities and new developments to promote community cohesion. Focuses on the diversity of British towns and cities and the issues that arise. Aimed at all organisations involved in housing and those involved in housing-led regeneration or new development schemes.
521 2 0 _aAdvanced
590 _aKA
651 4 _aUnited Kingdom
_y
690 _aPROPERTY-RESIDENTIAL PROPERTY-DOMESTIC RESIDENTIAL PROPERTY-HOUSING
700 1 _aBlackaby, Bob
942 _n0
999 _c107936
_d107936